| 000 | 01572nam a2200313 a 4500 | ||
|---|---|---|---|
| 005 | 2010042005325.0 | ||
| 008 | 900312s1991 enka b 001 0 eng | ||
| 010 | _aB-362919-922 | ||
| 020 |
_a9780140431957 _c250.00 |
||
| 035 | _aB-362919-922 | ||
| 037 | _bUBH | ||
| 040 |
_adpl _bEnglish |
||
| 082 | _a320.1 | ||
| 100 | _aHobbes, Thomas | ||
| 245 |
_aLeviathan / _cby Thomas Hobbes ; edited with an introduction by C.B. Macpherson |
||
| 260 |
_aNew Delhi _bPenguin Books _c1985 |
||
| 270 |
_a11 Community Centre, Panchsheel Park _bNew Delhi _e110017 |
||
| 300 |
_a729 p. _c21cm(pbk) |
||
| 650 |
_aPolitical science _xEarly works to 1800. |
||
| 650 | _aState, The. | ||
| 700 | _aMacpherson, C.B. | ||
| 906 | _a7 | ||
| 942 |
_2ddc _cEN _h320.1 _mHOB |
||
| 999 |
_c35355 _d35355 |
||